|
|
|
|
| LEADER |
00000nam a22000007a 4500 |
| 005 |
20210819225940.0 |
| 007 |
cr|||| |||| |
| 008 |
210819s2021 eu |||||s|||| 00||0 eng d |
| 020 |
|
|
|a 978-92-9460-368-5
|
| 035 |
|
|
|a 34571
|
| 040 |
|
|
|a vLex
|
| 090 |
|
|
|c 12081
|d 12081
|
| 100 |
1 |
|
|a Carbonar, Giulia
|
| 245 |
1 |
0 |
|a Study on the development of a European Union framework for digital building logbooks
|h [Recurso electrn̤ico] :
|b Final report /
|c Giulia Carbonar, Raymond Sterling, Carolin Spirinckx, Birgit Vandevelde, Maarten De Groote, Sophie Dourlens-Quaranta, Alessandro Lodigiani, Jonathan Volt, Guillermo Borragǹ, Jessica Glicker, Irena Kondratenko, Zsolt Toth, Neethi Rajagopalan, Sofie De Regel, Oliver Rapf, Marco Calderoni, Tatiana Loureiro
|
| 256 |
|
|
|a Servicio en ln̕ea
|
| 260 |
|
|
|a Bruselas:
|b European Union Publications Office,
|c 2021
|
| 300 |
|
|
|a 1 recurso electrn̤ico
|
| 500 |
|
|
|a This study provides the basis for the development of an EU framework for Digital Building Logbooks. The definition of Digital Building Logbook has been created as part of this study, based on a thorough stakeholder consultation, interviews with experts and detailed analysis of 40 existing Building Logbook initiatives across Europe and beyond. In short, a Digital Building Logbook is a common repository for all relevant building data; it facilitates transparency, trust, informed decision making and information sharing within the construction sector, among building owners and occupants, financial institutions and public authorities. Following the identification of the main gaps that have to be addressed a set of actions has been proposed to address those gaps. Out of them three priority actions are proposed to be carried or supported by the European Commission in order to spread the use and efficient functioning of Digital Building Logbooks: (1) Development of a standardised approach for data collection, data management and interoperability and its legal framework; (2) Development of guidelines for linking existing databases; and (3) Launch of public funded R&I projects to further explore the Digital Building Logbook concept and its implementation. For each priority action, a comprehensive assessment is carried out, including a set-up and roll-out plan, a feasibility evaluation and synergies with existing EU and international initiatives.
|
| 506 |
1 |
|
|a Disponible solo en los productos indicados
|d vLex Global
|d vLex Global (Academic Edition, excluding Law Schools)
|d vLex Global (U.S. Academic Edition, Law Schools)
|d vLex Global (U.S. Academic Edition, excluding Law Schools)
|d vLex Global (Academic Edition, Law Schools)
|
| 650 |
0 |
4 |
|a Telecomunicaciones
|z Unin̤ Europea
|
| 700 |
1 |
|
|a Sterling, Raymond
|
| 700 |
1 |
|
|a Spirinckx, Carolin
|
| 700 |
1 |
|
|a Vandevelde, Birgit
|
| 700 |
1 |
|
|a De Groote, Maarten
|
| 700 |
1 |
|
|a Dourlens-Quaranta, Sophie
|
| 700 |
1 |
|
|a Lodigiani, Alessandro
|
| 700 |
1 |
|
|a Volt, Jonathan
|
| 700 |
1 |
|
|a Borragǹ, Guillermo
|
| 700 |
1 |
|
|a Glicker, Jessica
|
| 700 |
1 |
|
|a Kondratenko, Irena
|
| 700 |
1 |
|
|a Toth, Zsolt
|
| 700 |
1 |
|
|a Rajagopalan, Neethi
|
| 700 |
1 |
|
|a De Regel, Sofie
|
| 700 |
1 |
|
|a Rapf, Oliver
|
| 700 |
1 |
|
|a Calderoni, Marco
|
| 700 |
1 |
|
|a Loureiro, Tatiana
|
| 740 |
0 |
|
|a vLex Libros (Servicio en ln̕ea)
|
| 856 |
4 |
0 |
|u https://app.vlex.com/#/sources/34571
|z Acceso restringido
|
| 942 |
|
|
|c BOOK
|
| 999 |
0 |
|
|a Telecommunications
|